02097 2200301 4500001002100000005001500021035002000036007000300056008003900059020002200098082001100120084002000131100002600151245012400177300003100301650001800332700002500350700002500375700003600400700002200436700002500458520116400483264005401647336002101701337002301722338003801745990001201783INLIS00000000116654720260129092840 a0010-0126000409ta260129 | | |  a978-602-386-756-1 a589.45 aSR 589.45 NOE r0 aNoer Kasanahepenulis1 aRumput laut Indonesia /cNoer Kasanah, Maria Ulfah, Aji Nugroho, Adhika P. Agra Wijnana, Triyanto; penyunting, Moulidvi e1 berkas komputer (8,5 MB) 4aGanggang laut0 aMaria Ulfahepenulis0 aAji Nugrohoepenulis0 aAdhika P. Agra Wijnanaepenulis0 aTriyantoepenulis0 aMoulidviepenyunting a"Indonesia merupakan negara maritim dengan potensi sumber daya laut yang sangat besar dan belum sepenuhnya dikelola bagi kemakmuran rakyat. Rumput laut merupakan salah satu sumber daya kelautan yang masih perlu dieksplorasi dan dikembangkan.    Pantai selatan Yogyakarta, khususnya wilayah Gunung Kidul, selain menarik sebagai daerah tujuan wisata juga menyimpan sumber daya kelautan, yaitu rumput laut. Di dalam buku ini penulis mencoba melakukan inventaris dan dokumentasi jenis-jenis rumput laut yang terdapat di pantai-pantai Gunung Kidul. Tujuan utama dari penulisan buku ini adalah memberi sumbangan bagi dokumentasi kekayaan laut Indonesia supaya dapat bermanfaat bagi dunia pendidikan dan penelitian. Selain itu, penulis dan tim peneliti berharap semoga buku ini dapat menjadi salah satu acuan bagi pemerintah daerah dalam mengelola potensi kekayaan laut, terutama rumput laut. Penelitian dan kajian mengenai kandungan kimiawi, manfaat, dan budi daya masih terus dilakukan oleh penulis dan tim peneliti agar suatu saat potensi rumput laut Yogyakarta dapat dimanfaatkan, mempunyai nilai ekonomi sehingga membawa kemakmuran bagi rakyat." aYogyakarta :bGadjah Mada University Press,c2018 2rdacontentaTeks 2rdamediaaKomputer 2rdacarrieraSumber sambung jaring a3407251